| 000 | 00563nam a2200157 a 4500 | ||
|---|---|---|---|
| 008 | 120416s1990 ||||||||||||||||| || u | ||
| 050 | _aQC 176.8.E4 Cha | ||
| 100 | _aChambers, R. G | ||
| 245 | 1 | 0 | _aElectrons in metals and semiconductors |
| 260 |
_aLondon _bChapman and Hall _c1990 |
||
| 300 | _aix, 230p. : ill. | ||
| 350 | _a0.00 | ||
| 650 | _aFREE ELECTRON THEORY OF METALS | ||
| 650 | _aMETAL | ||
| 995 |
_D0.00 _FCBU-MAIN LIBRARY (Kitwe) _H1 _I12.95 _M1 _UAVAILABLE _ZMain Library Open Access Collection |
||
| 999 |
_c41583 _d41583 |
||